000 00950nam a2200265Ia 4500
003 OSt
005 20221005104641.0
006 a|||||r|||| 00| 0
007 ta
008 221004b |||||||| |||| 00| 0 hin d
020 _a8188124117 (hbk)
_c350
024 _a21128
037 _b24018, 27/03/2015, Kitab Ghar
_cTextual
040 _aCRL
_cCRL
_bhin
041 _2hin
_ahin
082 _aP152, Q1
100 _aशर्मा, रामगोपाल दिनेश
245 0 _aभाषा विज्ञान और हिन्दी
246 _aBhāṣhā vijnyān aur hindī
260 _aदिल्ली
_bविकास पेपर बैक्स भारत
_c2011
300 _a227पृ0
_ccm.
650 _aहिन्दी भाषा
942 _hP152, Q1
_cTEXL
_2cc
999 _c1013380
_d1013380